000 00254nam a2200097Ia 4500
001 842706
005 20250826173228.0
008 250824s9999 xx 000 0 und d
245 0 _aÇOCUK ŞİİRLERİ ANTOLOJİSİ
_cMETİN CELAL
260 _bÇINAR YAYINLARI
999 _c842706
_d842706